Guía de planificación y diseño centros de atención ambulatoria
Uloženo v:
| Korporativní autor: | |
|---|---|
| Médium: | Kniha |
| Jazyk: | španělština |
| Vydáno: |
Santiago
Ministerio de Salud
2000
|
| Témata: | |
| Tagy: |
Přidat tag
Žádné tagy, Buďte první, kdo vytvoří štítek k tomuto záznamu!
|
MARC
| LEADER | 00000nam a2200000 a 4500 | ||
|---|---|---|---|
| 001 | UCI8247 | ||
| 003 | CL-VaPUC | ||
| 008 | 080821e20000000CL |||||||||||||||||spa|d | ||
| 020 | |a 9567711208 | ||
| 082 | 0 | 4 | |a 725.51 |b MIN |2 21 |
| 110 | 2 | |a Ministerio de Salud |e author |9 531798 | |
| 245 | 1 | 0 | |a Guía de planificación y diseño centros de atención ambulatoria |
| 300 | |a 145 p | ||
| 942 | |c BK | ||
| 945 | |d 20080821 00:00:00 |a rbrito | ||
| 260 | |a Santiago |b Ministerio de Salud |c 2000 | ||
| 650 | 7 | |a CONSTRUCCION DE HOSPITALES |2 CL-VaPUC |9 520521 | |
| 650 | 0 | |a Diseño y construcción |9 260862 | |
| 650 | 0 | |a Planos arquitectónicos |9 268148 | |
| 650 | 7 | |a DIBUJOS ARQUITECTONICOS |2 CL-VaPUC |9 531799 | |
| 583 | |a last modification |c 20080821 00:00:00 |k Rodrigo Vera | ||
| 999 | |c 331264 |d 331262 | ||
| 952 | |0 0 |1 0 |4 0 |6 725_510000000000000_MIN_2000 |7 0 |8 A |9 417558 |a BIBARQ |b BIBARQ |d 2019-11-22 |i 4473426 |o 725.51 MIN 2000 |p 4473426 |r 2025-01-20 |w 2019-11-22 |y BK |k ARQ | ||